Applied Sociology for Nurses (Semester-1) (Record no. 370178)

MARC details
000 -LEADER
fixed length control field 01086nam a22001937a 4500
003 - CONTROL NUMBER IDENTIFIER
control field OSt
005 - DATE AND TIME OF LATEST TRANSACTION
control field 20260127155128.0
008 - FIXED-LENGTH DATA ELEMENTS--GENERAL INFORMATION
fixed length control field 260127b |||||||| |||| 00| 0 eng d
020 ## - INTERNATIONAL STANDARD BOOK NUMBER
International Standard Book Number 9789366164076
041 ## - LANGUAGE CODE
Language code of text/sound track or separate title Eng
082 ## - DEWEY DECIMAL CLASSIFICATION NUMBER
Edition number 3rd
Classification number 301/SRE
100 ## - MAIN ENTRY--PERSONAL NAME
Personal name SREEVANI R
245 ## - TITLE STATEMENT
Title Applied Sociology for Nurses (Semester-1)
260 ## - PUBLICATION, DISTRIBUTION, ETC. (IMPRINT)
Place of publication, distribution, etc. New Delhi
Name of publisher, distributor, etc. Jaypee Brothers Medical Publishers
Date of publication, distribution, etc. 2025
300 ## - PHYSICAL DESCRIPTION
Extent P. 260
500 ## - GENERAL NOTE
Keywords A comprehensive textbook compiled to meet the requirements as per revised nursing syllabus.<br/>Written in easy-to-understand language following a lucid style.<br/>Comprehensively covers all basic principles of sociology with nursing implications.<br/>Well-illustrated with figures, tables and boxes making it reader friendly.<br/>Question bank provided at the end of each chapter to improve self-evaluation and robustness in various examinations.<br/>A life-long companion for basic nursing students and all healthcare professionals.<br/>Serves as a resource material for those taking up examinations and career in Sociology.
610 ## - SUBJECT ADDED ENTRY--CORPORATE NAME
Corporate name or jurisdiction name as entry element Sociology
942 ## - ADDED ENTRY ELEMENTS (KOHA)
Source of classification or shelving scheme Dewey Decimal Classification
Koha item type Donated Book
Holdings
Withdrawn status Lost status Source of classification or shelving scheme Damaged status Not for loan Home library Current library Date acquired Vendor Cost, normal purchase price Bill number Total Checkouts Full call number Barcode Checked out Date last seen Date last checked out Cost, replacement price Bill Date Koha item type
    Dewey Decimal Classification     Sitabai Nargundkar College of Nursing Nagpur Sitabai Nargundkar College of Nursing Nagpur 23/01/2026 Donated BY Switi Kolhe 525.00 IK#2025-26#00913 3 301 SRE SNCN-DB-349 24/04/2026 30/03/2026 30/03/2026 525.00 27/01/2026 Donated Book